| 000 | 00950nam a22002537a 4500 | ||
|---|---|---|---|
| 005 | 20170123164153.0 | ||
| 010 | _aB-065723 | ||
| 020 |
_c250.00 _a8187654961 |
||
| 035 | _aB-065723 | ||
| 037 | _aCen Lib / Ret | ||
| 040 |
_aDPL _bPN |
||
| 082 |
_a260.1 _bਭੱਲਾਜ |
||
| 100 |
_aਭੱਲਾ, ਜਸਬੀਰ ਸਿੰਘ _9138285 |
||
| 245 |
_aਅਮਰ ਬਾਨੀ / _cਜਸਬੀਰ ਸਿੰਘ ਭੱਲਾ |
||
| 246 |
_aAmar baani / _bJasbir Singh Bhalla |
||
| 260 |
_aਦਿੱਲੀ _bਮਨਪ੍ਰੀਤ ਪ੍ਰਕਾਸ਼ਨ _c2002 |
||
| 270 |
_a16/16 (1st floor) ਗੀਤਾ ਕਾਲੋਨੀ _bਦਿੱਲੀ _e110031 |
||
| 300 |
_a218p. _c22cm(Hb) |
||
| 650 |
_aਪੰਜਾਬੀ ਸਾਹਿਤ _y _9138286 |
||
| 650 |
_aਸਿਖ -- ਧਰ੍ਮ _93671 |
||
| 650 |
_aLiterature -- punjabi _9138287 |
||
| 650 |
_aPunjabi -- religion _99921 |
||
| 942 |
_2ddc _cPN _h260.1 _mਭੱਲਾਜ |
||
| 999 |
_c110519 _d110519 |
||